Wird geladen...
| LEADER | 00561nam a22001697a 4500 | ||
|---|---|---|---|
| 008 | 170420b xxu||||| |||| 00| 0 eng d | ||
| 999 | |c 17646 |d 17646 | ||
| 082 | |a P 822.33X3 |b NEW | ||
| 100 | |a Shakespeare | ||
| 245 | |a Shakespeare's King Richard 2/ |c edited by Henry Newbolt | ||
| 260 | |c 1946. | ||
| 300 | |a 175p. | ||
| 650 | |a Plays | ||
| 650 | |a Drama | ||
| 700 | |a Newbolt, Henry | ||
| 942 | |2 ddc |c REF | ||
| 952 | |0 0 |1 0 |2 ddc |4 0 |5 1 |6 P_822_000000000000000_33X3_NEW |7 0 |9 24746 |a MAIN |b MAIN |d 2017-04-20 |e Prabodha chandra shekharam |o P 822.33X3 NEW |p 25390 |r 2017-04-20 |w 2017-04-20 |y REF | ||